000 01601pam a2200373 a 4500
999 _c22217
_d22217
001 1635656
003 OSt
005 20170123154038.0
008 960710s1997 nyua b 000 0 eng
010 _a 96031774
020 _a9835600201
040 _aDLC
_cDLC
_dDLC
041 1 _aeng
_hjpn
043 _aas-----
_aa-ja---
050 0 0 _aNK4154
_b.H6313 1997
082 0 0 _a738/.0959/074
_220
100 1 _aHonda, Hiromu,
_d1918-
240 1 0 _aNankai no kotōji.
_n2.
_pKumēru, Tai, Biruma, Raosu.
_lEnglish
245 1 4 _aThe beauty of fired clay :
_bceramics from Burma, Cambodia, Laos, and Thailand /
_cHiromu Honda and Noriki Shimazu ; introduction by Dawn F. Rooney.
260 _aNew York :
_bOxford University Press,
_c1997.
300 _axiv, 267 p. :
_bill. (some col.) ;
_c30 cm.
504 _aIncludes bibliographical references (p. 49-51).
600 1 0 _aHonda, Hiromu,
_d1918-
_xArt collections
_xCatalogs.
600 1 0 _aShimazu, Noriki,
_d1944-
_xArt collections
_xCatalogs.
650 0 _aPottery, Southeast Asian
_xCatalogs.
650 0 _aPottery
_xPrivate collections
_zJapan
_xCatalogs.
700 1 _aShimazu, Noriki,
_d1944-
700 1 _aRooney, Dawn.
856 4 2 _3Publisher description
_uhttp://www.loc.gov/catdir/enhancements/fy0605/96031774-d.html
906 _a7
_bcbc
_corignew
_d1
_eocip
_f19
_gy-gencatlg
942 _2lcc
_cBOOKS
_hNK 4154 .H6313 1997